Best airlines of 2017 - Statistics

General Stats
  • This quiz has been taken 34 times
  • The average score is 17 of 25
Answer Stats
Rank Answer % Correct
4 Emirates
97%
7 Lufthansa
97%
15 Qantas
91%
16 Japan Airlines
88%
1 Qatar Airways
88%
2 Singapore Airlines
88%
18 Air France
85%
8 Etihad Airways
85%
11 Thai Airways
82%
3 ANA All Nippon Airways
79%
19 Air New Zealand
76%
10 Garuda Indonesia
76%
22 KLM Royal Dutch Airlines
76%
12 Turkish Airlines
76%
5 Cathay Pacific
73%
6 EVA Air
64%
20 Asiana Airlines
61%
17 Austrian Airlines
58%
23 China Southern Airlines
58%
14 Swiss International Airlines
58%
9 Hainan Airlines
48%
25 Finnair
45%
13 Virgin Australia
36%
24 Hong Kong Airlines
30%
21 Bangkok Airways
27%
No matching quizzes found
Score Distribution
Percent of People with Each Score
Percentile by Number Answered
Your Score History
You have not taken this quiz